¡Vivamos vital! : (Registro nro. 16022)

000 -CABECERA
campo de control de longitud fija 01611nam a22003377a 4500
003 - IDENTIFICADOR DEL NÚMERO DE CONTROL
campo de control OSt
005 - FECHA Y HORA DE LA ÚLTIMA TRANSACCIÓN
campo de control 20251112151824.0
008 - DATOS DE LONGITUD FIJA--INFORMACIÓN GENERAL
campo de control de longitud fija 251112b ||||| |||| 00| 0 spa d
020 ## - NÚMERO INTERNACIONAL ESTÁNDAR DEL LIBRO
Número Internacional Estándar del Libro 9786287695146
040 ## - FUENTE DE LA CATALOGACIÓN
Centro/agencia transcriptor CO-Mq BPB
041 0# - CÓDIGO DE LENGUA
Código de lengua del texto/banda sonora o título independiente spa
082 04 - NÚMERO DE LA CLASIFICACIÓN DECIMAL DEWEY
Número de clasificación 613.071
Número de documento/Ítem S67v
100 ## - ENTRADA PRINCIPAL--NOMBRE DE PERSONA
Nombre de persona Sotelo Muñoz, José Albeiro
Término indicativo de función/relación aut
9 (RLIN) 291781
245 11 - MENCIÓN DE TÍTULO
Título ¡Vivamos vital! :
Resto del título principios de autocuidado y prevención de enfermedades ¡Toma el control de tu salud! /
Mención de responsabilidad, etc. José Albeiro Sotelo Muñoz... [y otros cuatro autores] ; ilustraciones Darío Ordoñez Portilla.
250 ## - MENCIÓN DE EDICIÓN
Mención de edición Edición especial
264 #1 - PRODUCCIÓN, PUBLICACIÓN, DISTRIBUCIÓN, FABRICACIÓN Y COPYRIGHT
Producción, publicación, distribución, fabricación y copyright Bogotá, Colombia :
Nombre del de productor, editor, distribuidor, fabricante Manual Moderno Colombia,
Fecha de producción, publicación, distribución, fabricación o copyright 2024
300 ## - DESCRIPCIÓN FÍSICA
Extensión 310 páginas :
Otras características físicas ilustraciones, diagramas y fotografías a color, tapa rustica;
Dimensiones 23 cm
336 ## - TIPO DE CONTENIDO
Término de tipo de contenido texto
Código de tipo de contenido txt
Fuente rdacontent
337 ## - TIPO DE MEDIO
Nombre/término del tipo de medio sin mediación
Código del tipo de medio n
Fuente rdamedia
338 ## - TIPO DE SOPORTE
Nombre/término del tipo de soporte volumen
Código del tipo de soporte nc
Fuente rdacarrier
520 ## - SUMARIO, ETC.
Sumario, etc. ¡Vivamos vital! Principios de autocuidado y prevención de enfermedades da a conocer lo relacionado con la prevención de las patologías más frecuentes desde la lactancia hasta la vejez, incluyendo los cuidados del fin de la vida
Identificador Uniforme del Recurso <a href="https://colombia.manualmoderno.com/vivamos-vital-9789588993638-1.html">https://colombia.manualmoderno.com/vivamos-vital-9789588993638-1.html</a>
521 ## - NOTA DE PÚBLICO DESTINATARIO
Nota de público destinatario Recomendado para un público adulto
534 ## - NOTA SOBRE LA VERSIÓN ORIGINAL
Mención de título del original Superhuman innovation
650 07 - PUNTO DE ACCESO ADICIONAL DE MATERIA--TÉRMINO DE MATERIA
Término de materia o nombre geográfico como elemento de entrada Autocuidado en salud
Fuente del encabezamiento o término armarc
9 (RLIN) 276735
650 07 - PUNTO DE ACCESO ADICIONAL DE MATERIA--TÉRMINO DE MATERIA
Término de materia o nombre geográfico como elemento de entrada Calidad del agua
Fuente del encabezamiento o término lemb
9 (RLIN) 9355
650 07 - PUNTO DE ACCESO ADICIONAL DE MATERIA--TÉRMINO DE MATERIA
Término de materia o nombre geográfico como elemento de entrada Enfermedades
Subdivisión general Prevención
Fuente del encabezamiento o término lemb
9 (RLIN) 319265
650 07 - PUNTO DE ACCESO ADICIONAL DE MATERIA--TÉRMINO DE MATERIA
Término de materia o nombre geográfico como elemento de entrada Medicina familiar
Fuente del encabezamiento o término lemb
9 (RLIN) 319263
650 07 - PUNTO DE ACCESO ADICIONAL DE MATERIA--TÉRMINO DE MATERIA
Término de materia o nombre geográfico como elemento de entrada Promocion de la Salud
Fuente del encabezamiento o término lemb
9 (RLIN) 271688
700 ## - PUNTO DE ACCESO ADICIONAL--NOMBRE DE PERSONA
Nombre de persona Ordoñez Portilla, Darío
Término indicativo de función/relación ill
9 (RLIN) 291784
942 ## - ELEMENTOS DE PUNTO DE ACCESO ADICIONAL (KOHA)
Fuente del sistema de clasificación o colocación
Tipo de ítem Koha Libro
Existencias
Estado de retiro Estado de pérdida Fuente del sistema de clasificación o colocación Estado dañado No para préstamo Código de colección Localización permanente Ubicación/localización actual Ubicación en estantería Fecha de adquisición Fuente de adquisición Número de inventario Total de préstamos Signatura topográfica completa Código de barras Fecha visto por última vez Número de copia Precio válido a partir de Tipo de ítem Koha Nota pública
          Colección General Biblioteca Pública San Juan Bosco Biblioteca Pública San Juan Bosco Colección General 10/02/2026 Donación Min. Cultura 2025 NT   613.071 S67v MOS504545 10/02/2026 Ej.1 10/02/2026 Libro Ocho dias
          Colección General Sede: La Armonía de Usca Sede: La Armonía de Usca Colección General 12/11/2025 Donación Min. Cultura 2025 NT   613.071 S67v MUS000521 12/11/2025 Ej.1 12/11/2025 Libro Ocho dias

© Todos los derechos reservados para la Biblioteca Pública Municipal San Juan Bosco, 2020
Secretaria de Cultura de Mosquera
Carrera 3 N° 10 Esquina Centro Cultural Barrio El Carmén Teléfono: 8270830 Ext: 34
Funcionando con KOHA
Contacto: Biblioteca Pública Municipal San Juan Bosco/ bibliotecasanjuanbosco@mosquera-cundinamarca.gov.co
Mosquera, Cundinamarca